| 000 | 00764nam a2200229Ia 4500 | ||
|---|---|---|---|
| 008 | 191130s1995##################000#0#eng## | ||
| 020 | _a9788170460572 | ||
| 022 | _a95905819 | ||
| 040 |
_aACL _cACL |
||
| 082 | _a791.430233092 TAY | ||
| 245 |
_aBeyond the stars : the memoirs of Sergei Eisenstein _cedited by Richard Taylor ; translated by William Powell |
||
| 260 |
_aCalcutta _bSeagull Books _c1995 |
||
| 300 | _axxi, 889 p : ill., map ; 25 cm. | ||
| 500 | _aIncludes index | ||
| 650 | _aEisenstein, Sergei, 1898-1948 | ||
| 650 | _aMotion picture producers and directors - Soviet Union - Biography | ||
| 700 | _aEisenstein, Sergei | ||
| 700 | _aTaylor, Richard | ||
| 990 | _af3bd63e1ac10000c53f2fb4b8cea2414 | ||
| 991 | _a381269 | ||
| 999 |
_c115136 _d115136 |
||